|
书名:
|
地理题解与分析
|
|
|
作者:
|
地理知识编辑部编
|
|
出版信息:
|
北京
科学普及出版社
1987.07
|
|
开本页数:
|
19cm 
357页
|
|
丛书名:
|
|
|
单 册:
|
|
|
中图分类:
|
K9
|
|
科图分类:
|
|
|
主题词:
|
地理
|
|
电子资源:
|
|
|
ISBN:
|
|
|
000
|
00460nam0 2200169 45
|
|
001
|
0198377053
|
|
005
|
20060310082451.71
|
|
010
|
|
@dCNY1.90
|
|
100
|
|
@a19980219d km y0chiy0120 ea
|
|
101
|
0
|
@achi
|
|
200
|
1
|
@ADI LI TI JIE YU FEN XI@FDI LI ZHI SHI BIAN JI BU BIAN@a地理题解与分析@f地理知识编辑部编
|
|
210
|
|
@a北京@c科学普及出版社@d1987.07
|
|
215
|
|
@a357页@c无图表@d19cm
|
|
606
|
0
|
@a地理
|
|
690
|
|
@aK9@v3
|
|
801
|
0
|
@c20060310
|
|
905
|
|
@a10447@dK9@e77
|
|
|
|
|
| |
| 地理题解与分析/地理知识编辑部编.-北京:科学普及出版社,1987.07 |
| 357页:无图表;19cm |
| |
| |
| ISBN :CNY1.90 |
| |
| ● |
正题名:地理题解与分析
索取号:K9/77
 
预约/预借
| 序号
|
登录号
|
条形码
|
馆藏地/架位号
|
状态
|
备注
|
|
1
|
100035
|
201000353
|
海科密-1楼/42架5列3层/
[索取号:K9/77]
|
在馆
|
|